Opravná položka k nadobudnutému majetku

Význam opravných položiek k nadobudnutému majetku v rámci účtovných jednotiek, ktorých sa daná problematika dotýka z hľadiska účtovného a daňového dosahu. Účtovanie tvorby a zúčtovania opravných položiek k nadobudnutému majetku. Príklady.

Enregistré dans:
Détails bibliographiques
Auteur principal: Vépyová, Mária
Autres auteurs: Kareš, Ladislav
Format: Chapitre de livre
Langue:slovaque
Sujets:
Tags: Ajouter un tag
Pas de tags, Soyez le premier à ajouter un tag!

MARC

LEADER 00000naa a2200000 4500
001 r048212
005 20231002075347.2
041 0 |a slo 
044 |a SK 
245 1 0 |a Opravná položka k nadobudnutému majetku  |c Mária Vépyová, Ladislav Kareš 
520 |a Význam opravných položiek k nadobudnutému majetku v rámci účtovných jednotiek, ktorých sa daná problematika dotýka z hľadiska účtovného a daňového dosahu. Účtovanie tvorby a zúčtovania opravných položiek k nadobudnutému majetku. Príklady. 
610 2 0 |a položky opravné 
610 2 0 |a majetok 
610 2 0 |a jednotka účtovná 
610 2 0 |a účtovníctvo 
610 2 0 |a dane 
100 1 |a Vépyová, Mária 
700 1 |a Kareš, Ladislav